| 000 | 00343cam a2200133ua 4500 | ||
|---|---|---|---|
| 082 |
_a530 _bRAJ/PR |
||
| 100 |
_aGovinda Rajan, S R. _91640 |
||
| 245 | _aPractical Physics / | ||
| 260 |
_aMadras : _bRochouse & Sons Pvt.ltd , _c1959. |
||
| 300 | _a419 ; . | ||
| 700 | 1 |
_aMurugaiyan, T. _91641 |
|
| 700 | 1 |
_aSundara Rajan, S . _91642 |
|
| 942 | _cBK | ||
| 999 |
_c7657 _d7657 |
||